[Event "Hampstead op U2200 05"]
[Site "Hampstead"]
[Date "2013.05.19"]
[Round "5"]
[White "Rogal, Chris"]
[Black "Rahman, K Azizur"]
[Result "0-1"]
[WhiteElo "1701"]
[BlackElo "1986"]
[PlyCount "92"]
[EventDate "2013.05.18"]
[EventType "swiss"]
[EventRounds "5"]
[EventCountry "ENG"]
[SourceTitle "EXT 2014"]
[Source "ChessBase"]
[SourceDate "2013.11.20"]
[SourceVersion "1"]
[SourceVersionDate "2013.11.20"]
[SourceQuality "1"]

1. d4 f5 2. Bg5 Nf6 3. Bxf6 exf6 4. e3 d5 5. c4 Nc6 6. cxd5 Qxd5 7. Nc3 Bb4 8. Nge2 0-0 9. a3 Bxc3+ 10. Nxc3 Qf7 11. g3 Bd7 12. Bg2 Ne7 13. Rc1 c6 14. 0-0 Be6 15. Qd2 Rfd8 16. Na4 Bc4 17. Rfe1 Rac8 18. b4 Bd5 19. Nc3 Bxg2 20. Kxg2 c5 21. bxc5 Rxc5 22. Qb2 Rc7 23. Nb5 Rxc1 24. Rxc1 Nc6 25. Nc3 g5 26. Ne2 h5 27. Qc2 Qd5+ 28. Kg1 h4 29. Qc4 h3 30. Qxd5+ Rxd5 31. Rc5 Rxc5 32. dxc5 Kf7 33. Kf1 Ke6 34. Nc1 Kd5 35. Nd3 Kc4 36. Ke2 Kb3 37. Kd2 Kxa3 38. Kc3 a5 39. Nb2 Ne5 40. f4 Nf3 41. Nc4+ Ka4 42. Nd6 Nxh2 43. fxg5 fxg5 44. Nxb7 Kb5 45. Nd6+ Kxc5 46. Nxf5 Nf1 0-1

[Event "Hampstead op U2200 05"]
[Site "Hampstead"]
[Date "2013.05.18"]
[Round "1"]
[White "Lukacovic, Miroslav"]
[Black "Rogal, Chris"]
[Result "1-0"]
[WhiteElo "1991"]
[BlackElo "1701"]
[PlyCount "59"]
[EventDate "2013.05.18"]
[EventType "swiss"]
[EventRounds "5"]
[EventCountry "ENG"]
[SourceTitle "EXT 2014"]
[Source "ChessBase"]
[SourceDate "2013.11.20"]
[SourceVersion "1"]
[SourceVersionDate "2013.11.20"]
[SourceQuality "1"]

1. d4 g6 2. c4 Bg7 3. Nc3 d6 4. e4 Nf6 5. Bd3 0-0 6. Nge2 e5 7. f3 Nc6 8. d5 Ne7 9. Bg5 Nd7 10. Qd2 f6 11. Bh6 f5 12. Bxg7 Kxg7 13. exf5 Nxf5 14. 0-0-0 Nc5 15. Bc2 a6 16. h4 h5 17. b4 Nd7 18. g4 Nxh4 19. gxh5 Nxf3 20. Qd3 Qg5+ 21. Kb2 Qf5 22. Ne4 Nb6 23. hxg6 Bd7 24. Rh7+ Kg8 25. Rdh1 Qxg6 26. Rh8+ Kf7 27. Qxf3+ Ke7 28. R1h7+ Rf7 29. Ng5 Nxc4+ 30. Kc3 1-0

[Event "Hampstead op U2200 05"]
[Site "Hampstead"]
[Date "2013.05.18"]
[Round "2"]
[White "Rogal, Chris"]
[Black "Akeya Price, Robert A"]
[Result "1-0"]
[WhiteElo "1701"]
[BlackElo "970"]
[PlyCount "91"]
[EventDate "2013.05.18"]
[EventType "swiss"]
[EventRounds "5"]
[EventCountry "ENG"]
[SourceTitle "EXT 2014"]
[Source "ChessBase"]
[SourceDate "2013.11.20"]
[SourceVersion "1"]
[SourceVersionDate "2013.11.20"]
[SourceQuality "1"]

1. d4 Nf6 2. Bg5 c6 3. Bxf6 exf6 4. c4 Bb4+ 5. Nc3 d5 6. e3 Qa5 7. Qd2 Be6 8. cxd5 Bxd5 9. a3 Bd6 10. Nxd5 Qxd2+ 11. Kxd2 cxd5 12. Ne2 0-0 13. Nc3 Rd8 14. Nxd5 Nc6 15. Nc3 Na5 16. Kc2 Rac8 17. b4 Nc6 18. Kb3 a5 19. b5 Ne7 20. Be2 Rc7 21. Ne4 Nd5 22. Nxd6 Rxd6 23. Rhc1 Rxc1 24. Rxc1 Nb6 25. Rc5 Rd7 26. Bf3 h6 27. g3 a4+ 28. Kb4 Kf8 29. Ka5 Rd6 30. Bxb7 Ke7 31. Rc6 Nd7 32. Rxd6 Kxd6 33. Bc6 Nf8 34. Kxa4 Ne6 35. Ka5 Nc7 36. Kb6 Ne6 37. a4 Nc7 38. a5 g5 39. a6 f5 40. a7 f6 41. a8Q Nxa8+ 42. Bxa8 Kd7 43. Ka7 h5 44. b6 h4 45. b7 hxg3 46. hxg3 1-0